St Mary's Mansions Ltd v Limegate Investment Co Ltd and others (Record no. 72213)

MARC details
000 -LEADER
fixed length control field 02294cam a2200277 4500
001 - CONTROL NUMBER
control field ABS66455
008 - FIXED-LENGTH DATA ELEMENTS--GENERAL INFORMATION
fixed length control field 030304n2003 000 0 eng u
035 ## - SYSTEM CONTROL NUMBER
System control number (Sirsi) u121508
245 ## - TITLE STATEMENT
Title St Mary's Mansions Ltd v Limegate Investment Co Ltd and others
260 ## - PUBLICATION, DISTRIBUTION, ETC.
Date of publication, distribution, etc. 2003
490 ## - SERIES STATEMENT
Series statement Estates Gazette
Volume/sequential designation [2003] 05 EG 146-152(7)
490 ## - SERIES STATEMENT
Series statement Commercial Leases
Volume/sequential designation 17(2) February 2003. 709-712(4)
520 ## - SUMMARY, ETC.
Summary, etc. [2003] EWCA Civ 1491. Respondent (S) was granted an overriding headlease for the purpose of managing a block of flats, 41 of which were held under intermediate leases by the second respondent (L). L was liable to S for service charges and ground rents but did not have to pay service charges for any expenditure which was not reserved by or required to be paid by the sublessees. In the County Court, following a dispute over the service charges payable by at least 29 sublessees, S claimed arrears of service charge against L. L joined the appellant sublessee(s) (X) as CPR Part 20 defendants. County Court judgment held S to be entitled: (1) to apply any year-end surplus to the reserve fund and not repay or credit the occupational lessees; (2) to receive interest from ground rent or service charge late payment; and (3) to recover legal costs incurred in current or past proceedings to recover service charges and ground rent. X appealed and S cross-appealed. "Held", appeal was allowed in part in respect of (1), dismissed in respect of (2) and allowed in respect of (3), the cross-appeal being dismissed: (1) S was entitled to apply a year-end service charge surplus to the reserve fund only in accordance with the terms of the lease and only a fair and reasonable part of the duly certificated expenses and outgoings; (2) S was entitled to be paid as rent, interest on late payment of ground rents and service charges; (3) S's legal costs were irrecoverable as service charges.
590 ## - LOCAL NOTE (RLIN)
Local note ABS
650 ## - SUBJECT ADDED ENTRY--TOPICAL TERM
Topical term or geographic name entry element SERVICE CHARGES
650 ## - SUBJECT ADDED ENTRY--TOPICAL TERM
Topical term or geographic name entry element GROUND RENTS
650 ## - SUBJECT ADDED ENTRY--TOPICAL TERM
Topical term or geographic name entry element LATE PAYMENTS
650 ## - SUBJECT ADDED ENTRY--TOPICAL TERM
Topical term or geographic name entry element RESERVE FUNDS
650 ## - SUBJECT ADDED ENTRY--TOPICAL TERM
Topical term or geographic name entry element SINKING FUNDS
650 ## - SUBJECT ADDED ENTRY--TOPICAL TERM
Topical term or geographic name entry element EXPENSES
650 ## - SUBJECT ADDED ENTRY--TOPICAL TERM
Topical term or geographic name entry element CIVIL PROCEDURE RULES PART 20
650 ## - SUBJECT ADDED ENTRY--TOPICAL TERM
Topical term or geographic name entry element LANDLORD AND TENANT ACT 1987 S42
650 ## - SUBJECT ADDED ENTRY--TOPICAL TERM
Topical term or geographic name entry element CERTIFICATION
690 ## - LOCAL SUBJECT ADDED ENTRY--TOPICAL TERM (OCLC, RLIN)
Topical term or geographic name as entry element LANDLORD AND TENANT-RESIDENTIAL TENANCIES-CASE LAW
942 ## - ADDED ENTRY ELEMENTS (KOHA)
Suppress in OPAC 0
Holdings
Withdrawn status Lost status Source of classification or shelving scheme Damaged status Not for loan Home library Current library Shelving location Date acquired Total Checkouts Full call number Barcode Date last seen Copy number Price effective from Koha item type
    Dewey Decimal Classification     London London Journal article 04/03/2003   ABS66455 121508-1001 06/08/2019 1 06/08/2019 Law report